000 00663nam a22002057a 4500
005 20251108164037.0
008 250721s1990 xx 000 0 ara d
082 1 4 _a216,6/عزا
100 1 _aعزايزة، عدنان
245 1 0 _aحجية القرائن في الشريعة الإسلامية :
_bالبصمات - القيافة ... /
264 1 _aعمان :
_bدار عمار،
_c1990.
300 _a225ص
500 _aرسالة ماجستير ، الجامعة الأردنية 1987
650 1 7 _aالإسلام
650 1 7 _aالفقه
650 1 7 _aالدليل
650 1 7 _aالقانون الجنائي
942 _2ddc
_cBK
999 _c2190
_d2190